Management of shared fish stocks

Сохранить в:
Библиографические подробности
Главный автор: Payne, A.I.L
Формат:
Язык:Undetermined
Опубликовано: Oxford, UK Blackwell Publishing 2004
Предметы:
Метки: Добавить метку
Нет меток, Требуется 1-ая метка записи!
Thư viện lưu trữ: Trung tâm Học liệu Trường Đại học Cần Thơ
LEADER 00500nam a2200193Ia 4500
001 CTU_69190
008 210402s9999 xx 000 0 und d
020 |b 135 
082 |a 333.956 
082 |b P515 
100 |a Payne, A.I.L 
245 0 |a Management of shared fish stocks 
245 0 |c A.I.L Payne 
260 |a Oxford, UK 
260 |b Blackwell Publishing 
260 |c 2004 
650 |a Fisheries 
904 |i Trúc Phương 
980 |a Trung tâm Học liệu Trường Đại học Cần Thơ